Slovensko prechádzky storočiami miest a mestečiek

Gespeichert in:
Bibliographische Detailangaben
1. Verfasser: Husovská, Ľudmila
Format: Buch
Sprache:Slowakisch
Veröffentlicht: Bratislava Príroda 2000
Schlagworte:
Tags: Tag hinzufügen
Keine Tags, Fügen Sie das erste Tag hinzu!

MARC

LEADER 00000nam a2200000 4500
001 c136112
005 20221123133440.8
020 |a 80-07-01133-1 
041 0 |a slo 
044 |a SK 
245 1 0 |a Slovensko  |b prechádzky storočiami miest a mestečiek  |c [Ľudmila Husovská ... [et al.]] 
264 1 |a Bratislava  |b Príroda  |c 2000 
300 |a 288 s. 
610 2 0 |a mestá 
610 2 0 |a história 
610 2 0 |a dejiny 
610 2 0 |a pamiatky 
610 2 0 |a osídľovanie 
610 2 0 |a osídlenie 
610 2 0 |a urbanizmus 
610 2 0 |a geografia 
610 2 0 |a ubytovanie 
610 2 0 |a doprava 
610 2 0 |a informácie 
610 2 0 |a Slovensko 
100 1 |a Husovská, Ľudmila